Normal view
MARC view
- Morris H. Degroot, Mark J. Schervish
Entry Personal Name
001 - CONTROL NUMBER
- control field: 12300
003 - CONTROL NUMBER IDENTIFIER
- control field: NUST
005 - DATE AND TIME OF LATEST TRANSACTION
- control field: 20180816101822.0
008 - FIXED-LENGTH DATA ELEMENTS
- fixed length control field: 180816|| aca||aabn | a|a d
040 ## - CATALOGING SOURCE
- Original cataloging agency: NUST
- Transcribing agency: NUST
100 ## - HEADING--PERSONAL NAME
- Personal name: Morris H. Degroot, Mark J. Schervish
670 ## - SOURCE DATA FOUND
- Source citation: Work cat.: (NUST): Morris H. Degroot, Mark J. Schervish , Probability and Statistics , 2012
